All U.S. Presidential Election Results - Statistics

General Stats
  • This quiz has been taken 646 times
    294 since last reset
  • The average score is 62 of 120
Answer Stats
Year Candidate Result % Correct
1788 George Washington Winner
94%
1792 George Washington Winner
81%
1796 John Adams Winner
79%
1800 Thomas Jefferson Winner
78%
2024 Kamala Harris Runner-up
76%
2016 Donald Trump Winner
75%
2024 Donald Trump Winner
75%
2020 Donald Trump Runner-up
75%
2016 Hilary Clinton Runner-up
75%
2020 Joseph Biden Winner
75%
2008 Barack Obama Winner
74%
2012 Barack Obama Winner
74%
2000 George W. Bush Winner
73%
2004 George W. Bush Winner
73%
1804 Thomas Jefferson Winner
73%
1992 Bill Clinton Winner
72%
1996 Bill Clinton Winner
72%
1988 George H.W. Bush Winner
72%
1976 Jimmy Carter Winner
72%
1788 John Adams Runner-up
72%
1980 Ronald Reagan Winner
72%
1984 Ronald Reagan Winner
72%
1796 Thomas Jefferson Runner-up
72%
1972 Richard M. Nixon Winner
70%
1968 Richard M. Nixon Winner
69%
1808 James Madison Winner
68%
1792 John Adams Runner-up
68%
1960 John F. Kennedy Winner
68%
1956 Dwight D. Eisenhower Winner
67%
1964 Lyndon B. Johnson Winner
67%
1800 Aaron Burr Runner-up
66%
1952 Dwight D. Eisenhower Winner
66%
1940 Franklin D. Roosevelt Winner
66%
2000 Albert Gore, Jr. Runner-up
65%
1936 Franklin D. Roosevelt Winner
65%
1948 Harry S. Truman Winner
65%
1812 James Madison Winner
65%
2008 John McCain Runner-up
65%
2012 Mitt Romney Runner-up
65%
1944 Franklin D. Roosevelt Winner
64%
1932 Franklin D. Roosevelt Winner
63%
1992 George H.W. Bush Runner-up
63%
1860 Abraham Lincoln Winner
62%
1816 James Monroe Winner
62%
1864 Abraham Lincoln Winner
61%
1828 Andrew Jackson Winner
61%
1928 Herbert C. Hoover Winner
61%
1820 James Monroe Winner
61%
1980 Jimmy Carter Runner-up
61%
1960 Richard M. Nixon Runner-up
61%
1904 Theodore Roosevelt Winner
61%
1824 John Quincy Adams Winner
60%
1912 Woodrow Wilson Winner
60%
1924 Calvin Coolidge Winner
59%
1916 Woodrow Wilson Winner
59%
1832 Andrew Jackson Winner
58%
1976 Gerald R. Ford Runner-up
58%
1908 William H. Taft Winner
57%
1868 Ulysses S. Grant Winner
56%
1920 Warren G. Harding Winner
56%
1884 Grover Cleveland Winner
55%
1892 Grover Cleveland Winner
55%
1836 Martin Van Buren Winner
55%
1872 Ulysses S. Grant Winner
55%
1900 William McKinley Winner
55%
1856 James Buchanan Winner
54%
1844 James K. Polk Winner
54%
2004 John Kerry Runner-up
54%
1840 William H. Harrison Winner
54%
1896 William McKinley Winner
54%
1888 Benjamin Harrison Winner
53%
1848 Zachary Taylor Winner
53%
1852 Franklin Pierce Winner
52%
1876 Rutherford B. Hayes Winner
52%
1984 Walter Mondale Runner-up
52%
1880 James A. Garfield Winner
51%
1932 Herbert C. Hoover Runner-up
49%
1996 Robert Dole Runner-up
48%
1824 Andrew Jackson Runner-up
45%
1888 Grover Cleveland Runner-up
45%
1828 John Quincy Adams Runner-up
45%
1988 Michael Dukakis Runner-up
45%
1964 Barry M. Goldwater Runner-up
44%
1968 Hubert H. Humphrey Runner-up
44%
1912 Theodore Roosevelt Runner-up
42%
1948 Thomas E. Dewey Runner-up
42%
1892 Benjamin Harrison Runner-up
41%
1972 George McGovern Runner-up
38%
1840 Martin Van Buren Runner-up
37%
1944 Thomas E. Dewey Runner-up
37%
1952 Adlai Stevenson II Runner-up
36%
1956 Adlai Stevenson II Runner-up
36%
1900 William J. Bryan Runner-up
34%
1896 William J. Bryan Runner-up
33%
1936 Alfred M. Landon Runner-up
32%
1864 George B. McClellan Runner-up
32%
1908 William J. Bryan Runner-up
31%
1832 Henry Clay Runner-up
29%
1940 Wendell L. Willkie Runner-up
28%
1836 William H. Harrison Runner-up
28%
1844 Henry Clay Runner-up
27%
1860 John C. Breckinridge Runner-up
27%
1876 Samuel J. Tilden Runner-up
25%
1928 Alfred E. Smith Runner-up
24%
1812 De Witt Clinton Runner-up
23%
1820 John Quincy Adams Runner-up
23%
1920 James M. Cox Runner-up
21%
1856 John C. Fremont Runner-up
21%
1804 Charles C. Pinckney Runner-up
20%
1916 Charles E. Hughes Runner-up
20%
1808 Charles C. Pinckney Runner-up
18%
1884 James G. Blaine Runner-up
18%
1872 Thomas A. Hendricks Runner-up
18%
1852 Winfield Scott Runner-up
18%
1904 Alton B. Parker Runner-up
17%
1816 Rufus King Runner-up
17%
1868 Horatio Seymour Runner-up
16%
1924 John W. Davis Runner-up
15%
1848 Lewis Cass Runner-up
15%
1880 Winfield S. Hancock Runner-up
13%
No matching quizzes found
Score Distribution
Percent of People with Each Score
Percentile by Number Answered
Your Score History
You have not taken this quiz since the last reset